Declaratio catholicorum laicorum angliae circa auctoritatem qvam revmvs Dominvs episcopvs chalcedonensis in eosdem vendicat et qvae ad hanc spectant acta.

Detalles Bibliográficos
Formato: Libro
Lenguaje:Undetermined
Latin
Publicado: Antverpiae : ex officina Plantiniana Balthasaris Moreti, 1631.
Materias:
Colección:Banco de datos
Acervo:Biblioteca Palafoxiana. Colección bibliográfica
Descripción Física:26 p. ; 4°
Tema general:Derecho eclesiástico
Notas:Marca de fuego: Colegio de San Juan. Número de localización: R398-L
LEADER 00713nam a2200169Ia 4500
008 150723s9999 xx 000 0 und d
041 0 |a lat 
050 0 |a PAFX BV4207 L4 
245 1 0 |a Declaratio catholicorum laicorum angliae circa auctoritatem qvam revmvs Dominvs episcopvs chalcedonensis in eosdem vendicat et qvae ad hanc spectant acta. 
260 |a Antverpiae : ex officina Plantiniana Balthasaris Moreti, 1631. 
300 |a 26 p. ; 4° 
500 |a Marca de fuego: Colegio de San Juan. Número de localización: R398-L 
501 |a Encuadernado con 20 obras y 3 manuscritos 
650 1 0 |a Derecho eclesiástico 
942 |c PALALIB 
943 |g Biblioteca Palafoxiana. Colección bibliográfica 
999 |c 1062151  |d 1062151